Normal view
MARC view
Entry Personal Name
001 - CONTROL NUMBER
- control field: 65884
003 - CONTROL NUMBER IDENTIFIER
- control field: OSt
005 - DATE AND TIME OF LATEST TRANSACTION
- control field: 20160731122905.0
008 - FIXED-LENGTH DATA ELEMENTS
- fixed length control field: 160731|| aca||aabn | a|a d
040 ## - CATALOGING SOURCE
- Original cataloging agency: OSt
- Transcribing agency: OSt
100 ## - HEADING--PERSONAL NAME
- Personal name: खान, खालिद मोहम्मद
670 ## - SOURCE DATA FOUND
- Source citation: Work cat.: (OSt)29820: खान, खालिद मोहम्मद , दास्तान-ए-भोपाल , 2002









